LIBRARY & INFORMATION CENTRE, KCAET, TAVANUR

ONLINE PUBLIC ACCESS CATALOGUE (OPAC)

Agricultural Water Management (Record no. 14463)

MARC details
000 -LEADER
fixed length control field 00468nam a22001457a 4500
020 ## - INTERNATIONAL STANDARD BOOK NUMBER
ISBN 9061916399
082 ## - DEWEY DECIMAL CLASSIFICATION NUMBER
Classification number 631.2
Item number WIJ/AG
245 ## - TITLE STATEMENT
Title Agricultural Water Management
260 ## - PUBLICATION, DISTRIBUTION, ETC. (IMPRINT)
Place of publication Boston
Name of publisher Commission of the European Communities - A.A.Balkema
Year of publication 1986
300 ## - PHYSICAL DESCRIPTION
Number of Pages 325
490 ## - SERIES STATEMENT
Series statement Proceedings of a Symposium on Agricultural Water Management Arnhem/ Netherlands /18 - 21 June 1985
700 ## - ADDED ENTRY--PERSONAL NAME
Personal name Wijk, Van A.L.M.
700 ## - ADDED ENTRY--PERSONAL NAME
Personal name Wesseling,J.
942 ## - ADDED ENTRY ELEMENTS (KOHA)
Koha item type Books
Holdings
Withdrawn status Lost status Damaged status Collection code Home library Current library Shelving location Date acquired Source of acquisition Cost, normal purchase price Full call number Accession Number Koha item type
        KAUAET KAUAET General Stacks 05/07/2016 Universal Research Books, Thrissur 3295.00 631.2 WIJ/AG 24929 Books
        KAUAET KAUAET General Stacks 20/07/2016 Dream Tech, Trivandrum 3295.00 631.2 WIJ/AG 24770 Books
      Non-fiction KAUAET KAUAET General Stacks 23/05/2019     631.2 WIJ/AG 25872 Books
free website counter